| 000 | 00000cam 2200000zi 4500 |
| 001 | 9.960237 |
| 003 | CaOODSP |
| 005 | 20260513113617 |
| 006 | m o d f |
| 007 | cr mn||||||||| |
| 008 | 260223t20262026oncb ob f000 0 eng d |
| 020 | |a9780660985695 |
| 040 | |aCaOODSP|beng|erda|cCaOODSP |
| 043 | |an-cn--- |
| 086 | 1 |aFA3-105/2026E-PDF |
| 110 | 1 |aCanada. |bOffice of the Auditor General, |eauthor, |eissuing body. |
| 245 | 10|aReport of the Auditor General of Canada to the board of governors of the International Development Research Centre : |bspecial examination - independent auditor's report. |
| 264 | 1|a[Ottawa] : |bOffice of the Auditor General of Canada = Bureau du vérificateur général du Canada, |c2026. |
| 264 | 4|c©2026 |
| 300 | |a1 online resource (iii, 26 pages) : |bcolour map |
| 336 | |atext|btxt|2rdacontent |
| 337 | |acomputer|bc|2rdamedia |
| 338 | |aonline resource|bcr|2rdacarrier |
| 500 | |aIssued also in French under title: Rapport de la vérificatrice générale du Canada au Conseil des gouverneurs du Centre de recherches pour le développement international : examen spécial - rapport de l'auditeur indépendant. |
| 500 | |aCover title. |
| 504 | |aIncludes bibliographical references. |
| 610 | 20|aInternational Development Research Centre (Canada)|xAuditing. |
| 775 | 08|tRapport de la vérificatrice générale du Canada au Conseil des gouverneurs du Centre de recherches pour le développement international : |w(CaOODSP)9.960238 |
| 795 | |tReport of the Auditor General of Canada to the Board of Governors of the International Development Research Centre |w(CaOODSP)9.819118 |
| 856 | 40|qPDF|s2.90 MB|uhttps://publications.gc.ca/collections/collection_2026/bvg-oag/FA3-105-2026-eng.pdf |
| 856 | 4 |qHTML|sS.O.|uhttps://www.canada.ca/en/auditor-general/our-work/audit-reports/special-examinations-2026-international-development-research-centre.html |